| 000 -LEADER |
| fixed length control field |
00514nam a22001937a 4500 |
| 008 - FIXED-LENGTH DATA ELEMENTS--GENERAL INFORMATION |
| fixed length control field |
150708b xxu||||| |||| 00| 0 alb d |
| 020 ## - INTERNATIONAL STANDARD BOOK NUMBER |
| International Standard Book Number |
9789995673642 |
| 041 0# - LANGUAGE CODE |
| Language code of text/sound track or separate title |
alb |
| 080 ## - UNIVERSAL DECIMAL CLASSIFICATION NUMBER |
| Universal Decimal Classification number |
341.176 |
| Common auxiliary subdivision |
(4) |
| 100 ## - Rafti |
| Rafti |
Dinan, Desmond ; |
| 245 ## - TITLE STATEMENT |
| Title |
Institucionet e Bashkimit Europian / |
| Statement of responsibility, etc |
Desmond Dinan. |
| 260 ## - |
| -- |
Tiranë : |
| -- |
AIIS, |
| -- |
2009. |
| 300 ## - |
| -- |
V.2, 221 f. ; |
| -- |
21cm. |
| 500 ## - |
| -- |
Parathënie: f. 7-8 |
| 650 #0 - |
| -- |
Bashkimi Europian |
| 650 #0 - |
| -- |
Institucione |
| 650 #0 - |
| -- |
Organizimi |
| 942 ## - ADDED ENTRY ELEMENTS (KOHA) |
| Source of classification or shelving scheme |
|
| Item type |
Books |